| 000 | 00000nam 2200000za 4500 |
| 001 | 9.633010 |
| 003 | CaOODSP |
| 005 | 20210624215122 |
| 007 | cr ||||||||||| |
| 008 | 150407s2003 onc|||||o f|0| 0 fre d |
| 040 | |aCaOODSP|bfre |
| 043 | |an-cn--- |
| 086 | 1 |aSW21-50/2003F-PDF |
| 110 | 1 |aCanada. |bCondition féminine Canada. |
| 245 | 14|aLes femmes et les homme aux Canada |h[ressource électronique] : |bun aperçu statistique / |c[préparé par] Danielle Baum ... [et. al]. |
| 250 | |aDeuxième édition. |
| 260 | |aOttawa : |bCondition féminine Canada, |c2003. |
| 300 | |a32 p. : |bgraphiques, tableaux. |
| 590 | |a06-10-Supp|b2006-12-15 |
| 691 | 07|aFemme|2gcpds |
| 691 | 07|aHomme|2gcpds |
| 691 | 07|aStatistiques démographiques|2gcpds |
| 720 | 1 |aBaum, Danielle |
| 775 | 08|tWomen and men in Canada |w(CaOODSP)9.688587 |
| 856 | 40|ahttp://publications.gc.ca|qPDF|s248 Ko|uhttps://publications.gc.ca/collections/Collection/SW21-50-2003F.pdf |